Statistics for Dark Souls Locations

Click here to take the quiz!

General Stats

  • This quiz has been taken 395 times
  • The average score is 16 of 29

Answer Stats

HintAnswer% Correct
Contains the Stray Demon below the floorUndead Asylum
89%
Taurus Demon guards the bridge, with Havel the Rock belowUndead Burg
88%
Where rescued humans go toFirelink Shrine
85%
Highly poisonousBlighttown
85%
Skeletons only die permanently from Divine attacksCatacombs
83%
Not as bright as it seemsAnor Londo
81%
Filled with trapsSen's Fortress
77%
Rats and cursesDepths
77%
FloodedNew Londo
75%
Filled with lavaLost Izalith
68%
Oswald the Pardoner resides thereUndead Parish
67%
Very, very, very darkThe Abyss
66%
Very, very darkTomb of the Giants
66%
Go here for toxic-curing mossDarkroot Garden
63%
Contains lesser forms of other demonsDemon Ruins
59%
Golden Golem becomes Dusk of OolacileDarkroot Basin
59%
Beyond the LordvesselKiln of the First Flame
59%
Things that do not belong in this world arrive herePainted World of Ariamis
56%
Housing of the Primordial CrystalCrystal Cave
46%
A traitor's rewardDuke's Archives
44%
Possible origin of Lordran's lifeAsh Lake
40%
Chester may invadeOolacile Township
38%
A great warrior will make his final stand hereRoyal Wood
30%
Filled with cursesGreat Hollow
26%
Come here from a portal, if you have the Broken PendantSanctuary Garden
25%
No real boss or objectiveValley of Drakes
23%
Leads to the Royal WoodOolacile Sanctuary
21%
Below Kingseeker FramptFirelink Altar
20%
A place to test a fighter's enduranceBattle of Stoicism Gazebo
5%

Score Distribution

Percentile by Number Answered

Percent of People with Each Score

Your Score History

You have not taken this quiz